Ekonomika : Systém národných účtov a meranie ekonomickej aktivity
Saved in:
| Main Author: | |
|---|---|
| Format: | Book |
| Language: | Slovak |
| Published: |
Bratislava :
STU v Bratislave,
2000
|
| Tags: |
No Tags, Be the first to tag this record!
|
MARC
| LEADER | 00000nam a22000003a 4500 | ||
|---|---|---|---|
| 001 | stu53659 | ||
| 005 | 20150617225702.9 | ||
| 008 | 000522s2000----xo------------------slo-d | ||
| 020 | |a 80-227-1320-1 | ||
| 040 | |a STU |b slo | ||
| 041 | 0 | |a slo | |
| 044 | |a xo | ||
| 080 | |a 330.3/.5(075.8) | ||
| 080 | |a 331.5(075.8) | ||
| 100 | 1 | |a Zúbková, Mária |4 aut |u V230 |U SvF Stavebná fakulta |T SvF Katedra ekonomiky a riadenia stavebníctva |U V230|V230 |Y 24 | |
| 245 | 1 | |a Ekonomika : |b Systém národných účtov a meranie ekonomickej aktivity | |
| 260 | |a Bratislava : |b STU v Bratislave, |c 2000 | ||
| 300 | |a 104 s.tab.,schémy | ||
| 996 | |b 284V036294 |c V*43315/S-14 |l VVS |s A |a 24 |w stu53659_0002 | ||
| 996 | |b 284R232934 |c r*2001 |l RRK |s P |a 0 |w stu53659_0004 | ||
| 996 | |b 284V029260 |c V*38301/S-00 |l VVT |s A |a 24 |w stu53659_0006 | ||
| 996 | |b 284V006764 |c V*38302/S-00 |l VVS |s A |a 24 |w stu53659_0007 | ||
| 996 | |b 284V006773 |c V*38303/S-00 |l VVS |s A |a 24 |w stu53659_0008 | ||
| 996 | |b 284V030255 |c V*42032/S-07 |l VVS |s A |a 24 |w stu53659_0026 | ||